Joint venture as the way of entry and activity the international corporations on foreign markets
Gespeichert in:
| 1. Verfasser: | |
|---|---|
| Weitere Verfasser: | |
| Format: | Buchkapitel |
| Sprache: | Englisch |
| Schlagworte: | |
| Tags: |
Keine Tags, Fügen Sie das erste Tag hinzu!
|
MARC
| LEADER | 00000naa$a2200000$$$4500 | ||
|---|---|---|---|
| 001 | 0023141 | ||
| 005 | 20221128113049.7 | ||
| 041 | 0 | |a eng | |
| 044 | |a SK | ||
| 245 | 1 | 0 | |a Joint venture as the way of entry and activity the international corporations on foreign markets |c Janusz Nesterak, Anna Nesterak |
| 610 | 2 | 0 | |a podnik spoločný |
| 610 | 2 | 0 | |a Poľsko |
| 610 | 2 | 0 | |a investície zo zahraničia |
| 610 | 2 | 0 | |a trh zahraničný |
| 610 | 2 | 0 | |a motivácia |
| 100 | 1 | |a Nesterak, Janusz | |
| 700 | 1 | |a Nesterak, Anna | |